Systems Approaches to Public Sector Challenges Working with Change

Gespeichert in:
Bibliographische Detailangaben
Format: Buch
Sprache:Englisch
Veröffentlicht: Paris OECD 2017
Schlagworte:
Tags: Tag hinzufügen
Keine Tags, Fügen Sie das erste Tag hinzu!

MARC

LEADER 00000nam a2200000 4500
001 0241011
005 20240314123536.9
020 |a 978-92-64-27985-8 
041 0 |a eng 
044 |a FR 
245 1 0 |a Systems Approaches to Public Sector Challenges  |b Working with Change 
264 1 |a Paris  |b OECD  |c 2017 
300 |a 146 s. 
610 2 0 |a sektor verejný 
610 2 0 |a teória a prax 
610 2 0 |a postupy pracovné 
610 2 0 |a transformácia 
610 2 0 |a služby verejné 
610 2 0 |a riadenie strategické 
610 2 0 |a štúdie prípadové